Negara utama (Record no. 66173)

MARC details
000 -LEADER
fixed length control field 00717cam a22002411 4500
001 - CONTROL NUMBER
control field sa 65009378
003 - CONTROL NUMBER IDENTIFIER
control field DLC
005 - DATE AND TIME OF LATEST TRANSACTION
control field 20260227112201.0
008 - FIXED-LENGTH DATA ELEMENTS--GENERAL INFORMATION
fixed length control field 870730s1964 io c b 000 0 ind
010 ## - LIBRARY OF CONGRESS CONTROL NUMBER
LC control number sa 65009378
025 ## - OVERSEAS ACQUISITION NUMBER
Overseas acquisition number PL480:Indo-1924
035 ## - SYSTEM CONTROL NUMBER
System control number (OCoLC)16346994
040 ## - CATALOGING SOURCE
Original cataloging agency DLC
Transcribing agency ICRL
Modifying agency DLC
042 ## - AUTHENTICATION CODE
Authentication code premarc
050 00 - LIBRARY OF CONGRESS CALL NUMBER
Classification number JC49
Item number .A62
100 1# - MAIN ENTRY--PERSONAL NAME
Personal name Ahmad, Zainal Abidin,
Dates associated with a name 1911-
245 10 - TITLE STATEMENT
Title Negara utama
Remainder of title (Madinatuʼl fadilah)
Statement of responsibility, etc. Teori kenegaraan dari sardjana Islam al Farabi, oleh H.Z.A. Ahmad.
260 ## - PUBLICATION, DISTRIBUTION, ETC.
Place of publication, distribution, etc. [Djakarta]
Name of publisher, distributor, etc. Djambatan
Date of publication, distribution, etc. [1964]
300 ## - PHYSICAL DESCRIPTION
Extent viii, 147 p.
Other physical details port.
Dimensions 18 cm.
500 ## - GENERAL NOTE
General note Indonesian or English.
504 ## - BIBLIOGRAPHY, ETC. NOTE
Bibliography, etc. note Bibliography: p. 135-141.
650 #0 - SUBJECT ADDED ENTRY--TOPICAL TERM
Topical term or geographic name entry element State, The.

No items available.

Powered by Koha